Ekonomická analýza pracovného práva bakalárska práca

Salvato in:
Dettagli Bibliografici
Autore principale: Zacharová, Beáta
Enti autori: Ekonomická univerzita v Bratislave. Národohospodárska fakulta, Univerzita Komenského v Bratislave. Právnická fakulta
Altri autori: Poruban, Andrej
Natura: Libro
Lingua:slovacco
Pubblicazione: Bratislava 2018
Tags: Aggiungi Tag
Nessun Tag, puoi essere il primo ad aggiungerne!!

MARC

LEADER 00000nbm a2200000 4500
001 0245966
005 20181214133832.9
041 0 |a slo 
044 |a SK 
245 1 0 |a Ekonomická analýza pracovného práva  |b bakalárska práca  |c Beáta Zacharová ; školiteľ: Andrej Poruban 
264 1 |a Bratislava  |c 2018 
300 |a 41 s. 
100 1 |a Zacharová, Beáta 
700 1 |a Poruban, Andrej 
710 2 |a Ekonomická univerzita v Bratislave. Národohospodárska fakulta 
710 2 |a Univerzita Komenského v Bratislave. Právnická fakulta